| 000 | 00406nam a2200145Ia 4500 | ||
|---|---|---|---|
| 008 | 230411s9999 xx 000 0 und d | ||
| 020 | _a978-93-5025-936-8 | ||
| 041 | _aeng | ||
| 082 | _aA/612/SEM/B01960 | ||
| 100 |
_aSembulingam K & Sembulingam Prema _9177143 |
||
| 245 | _aEssentials of Medical Physiology | ||
| 260 |
_bJaypee Brothers _aNew Delhi _c2012 |
||
| 300 | _a1092p | ||
| 999 |
_c153196 _d153196 |
||